Statistics for 10 Countries with the Most Economically-Important Capital Cities

Click here to take the quiz!

General Stats

  • This quiz has been taken 152 times
  • The average score is 6 of 10

Answer Stats

GDP LossCapitalCountry% Correct
11.1%LondonUnited Kingdom
96%
14.8%ParisFrance
84%
12.0%StockholmSweden
71%
13.2%HelsinkiFinland
68%
19.8%AthensGreece
64%
12.8%LisbonPortugal
63%
14.1%CopenhagenDenmark
53%
9.50%WarsawPoland
50%
14.2%PragueCzechia
47%
18.9%BratislavaSlovakia
37%

Score Distribution

Percentile by Number Answered

Percent of People with Each Score

Your Score History

You have not taken this quiz